Sabrina Carpenter Short n' Sweet Antonyms - Statistics

General Stats
  • This quiz has been taken 301 times
  • The average score is 13 of 16
Answer Stats
Hint Answer % Correct
Don't Don't Don't Please Please Please
97%
Decaf Espresso
96%
Smell Taste
91%
Do Frown Don't Smile
89%
30 Seconds 15 Minutes
88%
Couch Physics Bed Chem
86%
Confess To Boys Lie To Girls
85%
Intelligent and Blunt Dumb and Poetic
83%
Good Previews Bad Reviews
78%
Hera Juno
75%
Could Break Nothing Any Easier Couldn't Make It Any Harder
72%
Dullest Decoration Sharpest Tool
72%
Idle Man Busy Woman
71%
Ill Will Good Graces
70%
Intentional Coincidence
66%
Ample Supply Slim Pickins
58%
No matching quizzes found
Score Distribution
Percent of People with Each Score
Percentile by Number Answered
Your Score History
You have not taken this quiz